000 01125nam a2200217Ii 4500
003 JO-AjNU
008 230605s9999||||xx |||||||||||||| ||und||
017 _a2012/10625
020 _a978-977-328-979-2
040 _aJO-AjNU
_bara
_erda
_cJO-AjNU
041 _aara
050 1 4 _aK5101.2013
100 3 _aمحسن، عبد العزيز محمد,
_eauthor
_944261
245 0 0 _aالأعذار القانونية المخففة من العقاب فى الفقه الإسلامي والقانون الوضعى " دراسة مقارنة "
264 3 1 _aالإسكندرية: دار الجامعة الجديدة، 2013
300 _a270ص
_bيشتمل على المصادر والمراجع باللغة العربية واللغة الفرنسية ص( 243-261)
336 _atext
_btxt
_2rdacontent
337 _aunmediated
_bn
_2rdamedia
338 _avolume
_bnc
_2rdacarrier
650 4 _aالقانون الجنائي المقارن -- قانون العقوبات -- الأردن -- قانون العقوبات -- مصر-- القانون الجنائي -- الأردن -- القانون الجنائي -- مصر
_944262
999 _aA19097
_c22665
_d22665